|
|
|
|
| LEADER |
00000nab a2200000 a 4500 |
| 001 |
vtls001024704 |
| 003 |
SK-MaSNL |
| 005 |
20260303042130.0 |
| 008 |
040720e19961219xo 0 slo |
| 035 |
|
|
|a SL3264
|
| 040 |
|
|
|a SLLK
|b slo
|c SLLK
|e AACR2
|
| 041 |
0 |
|
|a slo
|
| 044 |
|
|
|a xo
|c SK
|
| 080 |
|
|
|a 362.2/.4
|2 1981
|
| 100 |
1 |
|
|a Radič, Anton
|4 aut
|9 405069
|
| 245 |
1 |
0 |
|a Diagnóza: rozpad (?) osobnosti
|b program na spôsob psychoterapie
|
| 300 |
|
|
|b 3 foto
|
| 610 |
2 |
7 |
|a Ústav sociálnej starostlivosti (Legnava, Slovensko)
|2 SLLK
|9 1027998
|
| 650 |
0 |
7 |
|a oslavy Mikulášske
|2 SLLK
|9 1027999
|
| 650 |
0 |
7 |
|a reportáže
|2 SLLK
|9 75670
|
| 655 |
|
7 |
|a periodikum
|2 snkbucl
|9 29553
|
| 710 |
2 |
|
|a Ústav sociálnej starostlivosti (Legnava, Slovensko)
|4 aut
|9 1027998
|
| 773 |
0 |
8 |
|t Ľubovnianske noviny
|g Roč. 22, č.51-52, 19.12.1996, s. 2
|
| 852 |
|
|
|a ZVYKNI
|b KIS3GCP
|
| 999 |
|
|
|c 1690635
|d 1692565
|